| 000 | 00563nam a2200193 i 4500 | ||
|---|---|---|---|
| 001 | 75225 | ||
| 003 | ES-MaACL | ||
| 005 | 20230906172357.0 | ||
| 007 | t| | ||
| 008 | 040923s1902 sp ||||1| spa d | ||
| 080 | _a323.17(460.23) | ||
| 100 | 1 |
_aGraell, Guillermo ( _d1846-1927) _959497 |
|
| 245 | 1 | 3 |
_aLa cuestión catalana / _cpor Guillermo Graell. |
| 260 |
_aBarcelona : _b[s.n.], _c1902 ( _fA. López Robert) |
||
| 300 |
_aVI, 215 p. ; _c21 cm. |
||
| 650 | 4 |
_aNacionalismo- _xCataluña. _915442 |
|
| 852 |
_aES-MaACL _jD-1164 |
||
| 852 |
_aES-MaACL _jT-977-F-3 |
||
| 999 |
_c75225 _d75225 |
||